000
00268nam a2200109Ia 4500
008
200302s9999 xx 000 0 und d
100
_a
K.Dangermond
245
_a
Breakwaters And Closure Dams(Ukp 55)
260
_b
Spon Press, London, NY
260
_c
2004
300
_a
371
999
_c
4586
_d
4586